000 01045nam a22002537a 4500
005 20170124103044.0
010 _aA-756549
020 _c60.00
035 _aA-756549
037 _bCen Lib/Ret
040 _aDPL
_bHN
082 _a
_bठाकुर
100 _aठाकुर, ओम प्रकाश
_943705
245 _aनीतिकथामकरन्द /
_cओम प्रकाश ठाकुर
246 _aNitikathamakrand /
_bby Om Prakash Thakur
260 _aदिल्ली
_bअनिल प्रकाशन
_c1995
270 _a2619-20, न्यू मार्किट, नई सड़क
_bदिल्ली
_e110006
300 _a73पृ.
_c21सेमी(सजिल्द )
650 _aहिंदी साहित्य
_x
_z
_9106707
650 _aहिंदी साहित्य--लघु कथाएँ
_9106708
650 _aHindi literature
_v
_9106709
650 _aHindi literature--Short Stories
_9106710
942 _2ddc
_cHN
_h
_mठाकूर
999 _c116758
_d116758